[Event "Belgrade-chT"]
[Site "Belgrade"]
[Date "2020.10.06"]
[Round "3.6"]
[White "Koscal, Lazar"]
[Black "Djurasevic, Branislav"]
[Result "1/2-1/2"]
[WhiteElo "1770"]
[BlackElo "2055"]
[PlyCount "89"]
[EventDate "2020.10.04"]
[EventType "team-tourn"]
[EventRounds "9"]
[EventCountry "SRB"]
[SourceTitle "EXT 2022"]
[Source "ChessBase"]
[SourceDate "2021.10.06"]
[SourceVersion "1"]
[SourceVersionDate "2021.10.06"]
[SourceQuality "1"]
[WhiteTeam "Romanticari"]
[BlackTeam "Mirjevo"]
[WhiteTeamCountry "SRB"]
[BlackTeamCountry "SRB"]

1. e4 Nf6 2. e5 Ng8 3. d4 d5 4. Nf3 Bg4 5. h3 Bxf3 6. Qxf3 e6 7. c3 c5 8. Bd3 cxd4 9. cxd4 Nc6 10. Bb5 Bb4+ 11. Nc3 Nge7 12. Qg3 Nf5 13. Bxc6+ bxc6 14. Qd3 Qb6 15. Be3 Qb5 16. Qxb5 cxb5 17. a3 Bxc3+ 18. bxc3 Rc8 19. Kd2 Kd7 20. Rhb1 Rb8 21. Rb3 Kc6 22. Rab1 Rb6 23. g4 Nh4 24. f4 h5 25. Ke2 hxg4 26. hxg4 Ng2 27. Bd2 Rh2 28. Kf3 Rb8 29. Rg1 Nh4+ 30. Kg3 Rxd2 31. Kxh4 Rh8+ 32. Kg5 Rhh2 33. f5 exf5 34. Kxf5 Rdf2+ 35. Kg5 Rh6 36. a4 bxa4 37. Ra3 Rg6+ 38. Kh4 Rf3 39. Rxa4 f6 40. g5 Rxc3 41. Rxa7 Rc4 42. exf6 gxf6 43. Ra6+ Kd7 44. Rxf6 Rxd4+ 45. Kh5 1/2-1/2

[Event "Belgrade-chT"]
[Site "Belgrade"]
[Date "2020.10.05"]
[Round "2.6"]
[White "Mustajbasic, Dino"]
[Black "Koscal, Lazar"]
[Result "0-1"]
[WhiteElo "1966"]
[BlackElo "1770"]
[PlyCount "190"]
[EventDate "2020.10.04"]
[EventType "team-tourn"]
[EventRounds "9"]
[EventCountry "SRB"]
[SourceTitle "EXT 2022"]
[Source "ChessBase"]
[SourceDate "2021.10.06"]
[SourceVersion "1"]
[SourceVersionDate "2021.10.06"]
[SourceQuality "1"]
[WhiteTeam "Belgrade Radnicki"]
[BlackTeam "Romanticari"]
[WhiteTeamCountry "SRB"]
[BlackTeamCountry "SRB"]

1. e4 c5 2. Nf3 e6 3. d4 cxd4 4. Nxd4 a6 5. Nc3 Qc7 6. a3 Nf6 7. Bd3 Be7 8. 0-0 d6 9. h3 Nbd7 10. Nb3 b6 11. Re1 0-0 12. Bf4 Bb7 13. Qd2 Rac8 14. f3 Nc5 15. Rac1 Nfd7 16. Bg3 Nxb3 17. cxb3 Qb8 18. Bc2 Nf6 19. b4 h6 20. Qd3 Rfd8 21. Bf2 b5 22. Bg3 Nh5 23. Nd5 Bg5 24. e5 Rxc2 25. Rxc2 Bxd5 26. Bf2 dxe5 27. Qc3 Bc4 28. Qxe5 Qxe5 29. Rxe5 Bf4 30. Re1 Nf6 31. g3 Bd6 32. Rd2 Nd5 33. f4 Be7 34. Bd4 Nxb4 35. Bc3 Bc5+ 36. Kh2 Nd3 37. Red1 Be3 38. Re2 Bb3 39. Rb1 Bb6 40. Rd2 a5 41. h4 b4 42. axb4 axb4 43. Bxb4 Nxb4 44. Rxd8+ Bxd8 45. Rc1 Kf8 46. Rc8 Ke7 47. Rb8 Ba5 48. Rb5 Bc7 49. Rxb4 Bd5 50. Rd4 f6 51. f5 Kd6 52. fxe6 Kxe6 53. Rd2 f5 54. Rc2 Bd6 55. Re2+ Be5 56. Kg1 Bc4 57. Rc2 Bd4+ 58. Kh2 Kd5 59. Rd2 Ke4 60. Kg2 Ke3 61. Rc2 Bd5+ 62. Kh2 Kd3 63. Rc7 Bxb2 64. Rd7 Ke4 65. Kg2 Be5 66. Re7 Kd4+ 67. Kf2 g5 68. hxg5 hxg5 69. Rd7 f4 70. gxf4 Bxf4 71. Rg7 Ke5 72. Re7+ Kf5 73. Ra7 Kg4 74. Ra5 Bc6 75. Ra6 Bg3+ 76. Kg1 Bf3 77. Ra4+ Kh3 78. Ra3 g4 79. Rb3 Be5 80. Kf2 Bd4+ 81. Kf1 Kh2 82. Rb5 g3 83. Rg5 g2+ 84. Rxg2+ Bxg2+ 85. Ke2 Kg3 86. Kd3 Bg7 87. Ke3 Bh6+ 88. Kd4 Kf4 89. Kd3 Bg7 90. Ke2 Be4 91. Kd2 Bd4 92. Kd1 Ke3 93. Kc1 Bc3 94. Kd1 Bb2 95. Ke1 Bc2 0-1

[Event "Belgrade-chT"]
[Site "Belgrade"]
[Date "2020.10.04"]
[Round "1.6"]
[White "Koscal, Lazar"]
[Black "Srdanovic, Jovana"]
[Result "1/2-1/2"]
[WhiteElo "1770"]
[BlackElo "2144"]
[PlyCount "106"]
[EventDate "2020.10.04"]
[EventType "team-tourn"]
[EventRounds "9"]
[EventCountry "SRB"]
[SourceTitle "EXT 2022"]
[Source "ChessBase"]
[SourceDate "2021.10.06"]
[SourceVersion "1"]
[SourceVersionDate "2021.10.06"]
[SourceQuality "1"]
[WhiteTeam "Romanticari"]
[BlackTeam "Belgrade"]
[WhiteTeamCountry "SRB"]
[BlackTeamCountry "SRB"]

1. e4 c5 2. Nf3 e6 3. d4 cxd4 4. Nxd4 a6 5. c4 Nf6 6. Nc3 d6 7. Be3 Be7 8. Be2 Qc7 9. 0-0 Nbd7 10. f4 b6 11. Bf3 Bb7 12. Qe2 h5 13. f5 e5 14. Nb3 Rc8 15. Nd2 h4 16. Rac1 Qb8 17. b4 Qa8 18. Nd5 Nxd5 19. cxd5 0-0 20. Bg4 Rxc1 21. Rxc1 Qb8 22. Qf2 Nf6 23. Bf3 Rc8 24. Qe1 Nd7 25. Nb3 Rc7 26. Rxc7 Qxc7 27. Qc1 Qxc1+ 28. Bxc1 Bc8 29. a4 Bd8 30. Bd2 Nf8 31. a5 b5 32. g4 hxg3 33. hxg3 Nh7 34. Be3 Bg5 35. Kf2 g6 36. Bxg5 Nxg5 37. g4 Nh3+ 38. Ke3 Kg7 39. Nc1 Kf6 40. Ne2 Kg5 41. Nc3 Nf4 42. Ne2 Nh3 43. Nc3 Nf4 44. Ne2 Nxe2 45. Bxe2 Kh4 46. Kf2 Bd7 47. Kg2 Be8 48. Kh2 gxf5 49. gxf5 Kg5 50. Kg3 f6 51. Bf1 Bd7 52. Be2 Be8 53. Bf1 Bd7 1/2-1/2

[Event "Belgrade-chT Quality"]
[Site "Belgrade"]
[Date "2019.10.20"]
[Round "6.8"]
[White "Gemovic, Djordje"]
[Black "Koscal, Lazar"]
[Result "1/2-1/2"]
[WhiteElo "1671"]
[BlackElo "1715"]
[PlyCount "42"]
[EventDate "2019.10.05"]
[EventType "team-tourn"]
[EventRounds "11"]
[EventCountry "SRB"]
[SourceTitle "EXT 2022"]
[Source "ChessBase"]
[SourceDate "2021.10.06"]
[SourceVersion "1"]
[SourceVersionDate "2021.10.06"]
[SourceQuality "1"]
[WhiteTeam "Borca"]
[BlackTeam "Romanticari"]
[WhiteTeamCountry "SRB"]
[BlackTeamCountry "SRB"]

1. d4 d5 2. Nf3 Nf6 3. Bg5 Ne4 4. Bf4 Bf5 5. e3 e6 6. Be2 Bd6 7. Bxd6 Qxd6 8. 0-0 Nd7 9. Nbd2 0-0 10. Nh4 Bg6 11. Nxg6 hxg6 12. Nxe4 dxe4 13. c4 c6 14. Qc2 f5 15. Rfd1 Nf6 16. d5 exd5 17. cxd5 cxd5 18. Qb3 Qe5 19. Rd4 Rac8 20. Rad1 Rc7 21. R1d2 Kh7 1/2-1/2

[Event "Belgrade-chT Quality"]
[Site "Belgrade"]
[Date "2019.10.13"]
[Round "4.8"]
[White "Stankovic, Tomislav"]
[Black "Koscal, Lazar"]
[Result "1-0"]
[WhiteElo "1980"]
[BlackElo "1715"]
[PlyCount "67"]
[EventDate "2019.10.05"]
[EventType "team-tourn"]
[EventRounds "11"]
[EventCountry "SRB"]
[SourceTitle "EXT 2022"]
[Source "ChessBase"]
[SourceDate "2021.10.06"]
[SourceVersion "1"]
[SourceVersionDate "2021.10.06"]
[SourceQuality "1"]
[WhiteTeam "Belgrade Tehnicka Skola"]
[BlackTeam "Romanticari"]
[WhiteTeamCountry "SRB"]
[BlackTeamCountry "SRB"]

1. e4 c5 2. Nf3 e6 3. d4 cxd4 4. Nxd4 a6 5. Bd3 Nf6 6. 0-0 Qc7 7. Nc3 d6 8. Kh1 Be7 9. f4 Nbd7 10. Be3 b6 11. f5 e5 12. Nde2 Bb7 13. h3 Nc5 14. Bxc5 bxc5 15. b3 Bc6 16. Ng3 Qb7 17. Nh5 Nxh5 18. Qxh5 Qb4 19. Ne2 Bxe4 20. c3 Qb7 21. Bxe4 Qxe4 22. Ng3 Qh4 23. Qf3 0-0 24. Rad1 Rfd8 25. c4 a5 26. Rde1 Qd4 27. Re4 Qb2 28. Rg4 Qxa2 29. f6 Ra7 30. Rxg7+ Kf8 31. Rxh7 Ke8 32. Qc6+ Rad7 33. fxe7 f6 34. exd8Q+ 1-0

[Event "Belgrade-chT Quality"]
[Site "Belgrade"]
[Date "2019.10.12"]
[Round "3.8"]
[White "Koscal, Lazar"]
[Black "Vuksanovic, Djordjije"]
[Result "1-0"]
[WhiteElo "1715"]
[BlackElo "1936"]
[PlyCount "47"]
[EventDate "2019.10.05"]
[EventType "team-tourn"]
[EventRounds "11"]
[EventCountry "SRB"]
[SourceTitle "EXT 2022"]
[Source "ChessBase"]
[SourceDate "2021.10.06"]
[SourceVersion "1"]
[SourceVersionDate "2021.10.06"]
[SourceQuality "1"]
[WhiteTeam "Romanticari"]
[BlackTeam "Cukaricki"]
[WhiteTeamCountry "SRB"]
[BlackTeamCountry "SRB"]

1. d4 d5 2. c4 dxc4 3. Nf3 Nf6 4. Bf4 Nd5 5. Bg3 Bf5 6. e3 Nb4 7. Na3 b5 8. Ne5 f6 9. Qf3 c6 10. Nxc6 N4xc6 11. Qxf5 a6 12. Nc2 Qa5+ 13. Kd1 Kf7 14. d5 Nd8 15. Be2 e6 16. dxe6+ Nxe6 17. Bxc4 Qd8+ 18. Nd4 bxc4 19. Qxe6+ Kg6 20. Qe4+ Kf7 21. Qxa8 Bc5 22. Qxb8 Qxb8 23. Bxb8 Rxb8 24. Kc2 1-0

[Event "Belgrade-chT Quality"]
[Site "Belgrade"]
[Date "2019.10.06"]
[Round "2.8"]
[White "Jovisic, Gradimir"]
[Black "Koscal, Lazar"]
[Result "1/2-1/2"]
[WhiteElo "1948"]
[BlackElo "1715"]
[PlyCount "97"]
[EventDate "2019.10.05"]
[EventType "team-tourn"]
[EventRounds "11"]
[EventCountry "SRB"]
[SourceTitle "EXT 2022"]
[Source "ChessBase"]
[SourceDate "2021.10.06"]
[SourceVersion "1"]
[SourceVersionDate "2021.10.06"]
[SourceQuality "1"]
[WhiteTeam "NBSK"]
[BlackTeam "Romanticari"]
[WhiteTeamCountry "SRB"]
[BlackTeamCountry "SRB"]

1. e4 c5 2. Nf3 e6 3. Nc3 a6 4. a3 Nc6 5. d4 cxd4 6. Nxd4 Qc7 7. Be3 Be7 8. Be2 Nf6 9. 0-0 0-0 10. f4 d6 11. Qd2 Bd7 12. Rfd1 Rac8 13. Nb3 Na5 14. Nxa5 Qxa5 15. Nd5 Qd8 16. Nxe7+ Qxe7 17. e5 Ne4 18. exd6 Qf6 19. Qd4 Qxd4 20. Rxd4 f5 21. c3 Bc6 22. Bc4 Kf7 23. Rad1 Rcd8 24. R4d3 Ba4 25. b3 Bc6 26. Bb6 Rd7 27. Re1 Bb5 28. Bxb5 axb5 29. c4 bxc4 30. bxc4 Ra8 31. c5 Ra4 32. Rb1 Rc4 33. Rdb3 Kf6 34. R3b2 Nxc5 35. Bxc5 Rxc5 36. Rd2 Ra5 37. Rd3 Rd5 38. Rdb3 R5xd6 39. Rxb7 Rxb7 40. Rxb7 Rd1+ 41. Kf2 Ra1 42. Ra7 h6 43. h4 Ra2+ 44. Kf3 g5 45. hxg5+ hxg5 46. fxg5+ Kxg5 47. Ra5 Kf6 48. g4 fxg4+ 49. Kxg4 1/2-1/2

[Event "SRB-ch U10"]
[Site "Kragujevac"]
[Date "2016.05.06"]
[Round "6"]
[White "Ciric, Pavle"]
[Black "Koscal, Lazar"]
[Result "1-0"]
[WhiteElo "1395"]
[BlackElo "1441"]
[PlyCount "94"]
[EventDate "2016.05.02"]
[EventType "swiss"]
[EventRounds "9"]
[EventCountry "SRB"]
[SourceTitle "CBM 172 Extra"]
[Source "ChessBase"]
[SourceDate "2016.06.21"]
[SourceVersion "1"]
[SourceVersionDate "2016.06.21"]
[SourceQuality "1"]

1. e4 c5 2. Nf3 e6 3. d4 cxd4 4. Nxd4 a6 5. a4 Qc7 6. Be3 b6 7. Bd3 Nc6 8. Nb3 Be7 9. 0-0 d6 10. N1d2 Nf6 11. f4 Bb7 12. Nc4 Nd7 13. Qe2 0-0 14. Qf2 Nc5 15. Nxc5 dxc5 16. Be2 Nb4 17. Bf3 f5 18. e5 Bxf3 19. gxf3 Nd5 20. Kh1 Kh8 21. Rg1 Rg8 22. Qe2 b5 23. axb5 axb5 24. Na3 Qc6 25. c3 c4 26. Nc2 Bc5 27. Bxc5 Qxc5 28. Rxa8 Rxa8 29. Qd2 Rg8 30. Nd4 Qb6 31. Nxf5 Nxc3 32. Rxg7 Rxg7 33. Nxg7 Kxg7 34. bxc3 Qb7 35. Kg2 Qf7 36. Kf1 Qa7 37. Kg2 Qf7 38. Kh1 Qb7 39. Kg2 Qf7 40. Kf1 Qb7 41. Ke1 Qf7 42. Qd4 Qg6 43. Qd7+ Kh6 44. Qd4 Kh5 45. Qe3 Qg2 46. Qf2 Qg6 47. Qe3 Kh6 1-0

[Event "SRB-ch U10"]
[Site "Kragujevac"]
[Date "2016.05.05"]
[Round "5"]
[White "Markovic, Nikola D"]
[Black "Koscal, Lazar"]
[Result "1-0"]
[WhiteElo "1728"]
[BlackElo "1441"]
[PlyCount "119"]
[EventDate "2016.05.02"]
[EventType "swiss"]
[EventRounds "9"]
[EventCountry "SRB"]
[SourceTitle "CBM 172 Extra"]
[Source "ChessBase"]
[SourceDate "2016.06.21"]
[SourceVersion "1"]
[SourceVersionDate "2016.06.21"]
[SourceQuality "1"]

1. e4 c5 2. Nf3 e6 3. d3 Nc6 4. c3 Qc7 5. Be2 Be7 6. Be3 d6 7. d4 b6 8. h3 Bb7 9. Nbd2 Nf6 10. Qc2 h6 11. 0-0 0-0 12. Rac1 Qd7 13. Bb5 a6 14. Bxc6 Bxc6 15. e5 Nd5 16. exd6 Bxd6 17. Ne4 Nxe3 18. fxe3 Bxe4 19. Qxe4 cxd4 20. exd4 Rac8 21. Qe2 b5 22. Ne5 Bxe5 23. Qxe5 Qc7 24. Qxc7 Rxc7 25. Kf2 Re8 26. Rfe1 Kh7 27. Ke3 e5 28. Kd3 f6 29. Rc2 Rd7 30. Rce2 Red8 31. Re4 a5 32. Ke3 exd4+ 33. Rxd4 Re8+ 34. Kd2 Rxd4+ 35. cxd4 Rxe1 36. Kxe1 Kg6 37. Kd2 Kf5 38. Kd3 Ke6 39. b3 Kd5 40. a4 b4 41. g4 g6 42. h4 f5 43. h5 gxh5 44. gxf5 Kd6 45. Ke3 Ke7 46. d5 Kd7 47. f6 Kd6 48. Kf4 h4 49. Kg4 h5+ 50. Kxh4 Kd7 51. Kxh5 Kd6 52. Kg6 Kxd5 53. f7 Kd4 54. f8Q Kc3 55. Qf3+ Kb2 56. Kf5 Ka3 57. Qd5 Kb2 58. Qxa5 Kxb3 59. Qb5 Ka3 60. a5 1-0

[Event "SRB-ch U10"]
[Site "Kragujevac"]
[Date "2016.05.03"]
[Round "3"]
[White "Damjanovic, Vuk"]
[Black "Koscal, Lazar"]
[Result "1/2-1/2"]
[WhiteElo "1412"]
[BlackElo "1441"]
[PlyCount "46"]
[EventDate "2016.05.02"]
[EventType "swiss"]
[EventRounds "9"]
[EventCountry "SRB"]
[SourceTitle "CBM 172 Extra"]
[Source "ChessBase"]
[SourceDate "2016.06.21"]
[SourceVersion "1"]
[SourceVersionDate "2016.06.21"]
[SourceQuality "1"]

1. d4 d5 2. c4 e6 3. Nc3 Nf6 4. Bg5 Be7 5. e3 0-0 6. Nf3 h6 7. Bh4 Ne4 8. Bxe7 Qxe7 9. Qc2 Nxc3 10. Qxc3 b6 11. cxd5 exd5 12. Rc1 c6 13. Bd3 Bb7 14. 0-0 Nd7 15. Bf5 Rac8 16. Bxd7 Qxd7 17. Ne5 Qd6 18. Rfd1 Rfe8 19. Rc2 c5 20. Qa3 a6 21. Nd3 Rc7 22. Rdc1 Rec8 23. dxc5 Qg6 1/2-1/2

[Event "SRB-ch sf"]
[Site "Belgrade"]
[Date "2016.03.27"]
[Round "7"]
[White "Koscal, Lazar"]
[Black "Vukovic, Ilija"]
[Result "1/2-1/2"]
[WhiteElo "1391"]
[BlackElo "1636"]
[PlyCount "59"]
[EventDate "2016.03.21"]
[EventType "swiss"]
[EventRounds "9"]
[EventCountry "SRB"]
[SourceTitle "CBM 171 Extra"]
[Source "ChessBase"]
[SourceDate "2016.04.26"]
[SourceVersion "1"]
[SourceVersionDate "2016.04.26"]
[SourceQuality "1"]

1. e4 c5 2. Nf3 e6 3. d4 cxd4 4. Nxd4 Nc6 5. Nc3 Qc7 6. Be3 a6 7. f3 Nf6 8. Be2 Be7 9. Qd2 b5 10. a3 Bb7 11. 0-0 0-0 12. Nb3 Na5 13. Nxa5 Qxa5 14. Rfd1 Kh8 15. Qe1 d5 16. exd5 Nxd5 17. Nxd5 Qxe1+ 18. Rxe1 Bxd5 19. Bd3 Rfd8 20. Bd4 Bxf3 21. Bxg7+ Kxg7 22. gxf3 Bc5+ 23. Kf1 Kf6 24. Be4 Rab8 25. Re2 Rg8 26. Rg2 Rxg2 27. Kxg2 Rg8+ 28. Kh3 Bd4 29. c3 Be5 30. Rf1 1/2-1/2

[Event "SRB-ch sf"]
[Site "Belgrade"]
[Date "2016.03.26"]
[Round "6"]
[White "Masovic, Bogosav"]
[Black "Koscal, Lazar"]
[Result "1-0"]
[WhiteElo "1698"]
[BlackElo "1391"]
[PlyCount "119"]
[EventDate "2016.03.21"]
[EventType "swiss"]
[EventRounds "9"]
[EventCountry "SRB"]
[SourceTitle "CBM 171 Extra"]
[Source "ChessBase"]
[SourceDate "2016.04.26"]
[SourceVersion "1"]
[SourceVersionDate "2016.04.26"]
[SourceQuality "1"]

1. d4 d5 2. c4 e6 3. e3 Nf6 4. Bd3 Be7 5. Nf3 0-0 6. 0-0 b6 7. b3 Bb7 8. Bb2 Nbd7 9. Nbd2 Re8 10. Rc1 Nf8 11. c5 bxc5 12. dxc5 c6 13. b4 Qc8 14. Ne5 N8d7 15. Nb3 Nxe5 16. Bxe5 Nd7 17. Bb2 Ba6 18. a3 Bxd3 19. Qxd3 Bf6 20. Bxf6 Nxf6 21. h3 Nd7 22. e4 Ne5 23. Qd4 Nc4 24. exd5 exd5 25. Qa1 Re6 26. Rfe1 Rg6 27. Kh1 Qf5 28. Re2 Qg5 29. f3 Ne3 30. Rce1 h6 31. Qb2 Nf5 32. Re8+ Rxe8 33. Rxe8+ Kh7 34. Qf2 Ng3+ 35. Kh2 Nh5 36. Re1 Nf4 37. Rg1 Qe5 38. Nd4 Nd3+ 39. f4 Qc7 40. Qe3 Nxf4 41. g3 Ne6 42. Nf5 Ng5 43. Qd3 Ne4 44. Nd4 Kg8 45. Qe3 Qd7 46. Ne2 Rf6 47. Rg2 Ng5 48. Nf4 Ne6 49. Nh5 Rg6 50. Qd3 Rg5 51. Nf4 Nxf4 52. gxf4 Rxg2+ 53. Kxg2 Kf8 54. a4 Qc7 55. Qd4 a6 56. b5 axb5 57. axb5 f6 58. b6 Qb7 59. Qa4 Qe7 60. Qa7 1-0

[Event "SRB-ch sf"]
[Site "Belgrade"]
[Date "2016.03.24"]
[Round "4"]
[White "Milutinovic, Dejan D"]
[Black "Koscal, Lazar"]
[Result "1-0"]
[WhiteElo "2065"]
[BlackElo "1391"]
[PlyCount "91"]
[EventDate "2016.03.21"]
[EventType "swiss"]
[EventRounds "9"]
[EventCountry "SRB"]
[SourceTitle "CBM 171 Extra"]
[Source "ChessBase"]
[SourceDate "2016.04.26"]
[SourceVersion "1"]
[SourceVersionDate "2016.04.26"]
[SourceQuality "1"]

1. c4 e6 2. Nc3 d5 3. d4 Be7 4. Nf3 Nf6 5. a3 0-0 6. g3 b6 7. Qc2 Ba6 8. cxd5 exd5 9. Bg2 Bb7 10. 0-0 Nc6 11. Rd1 Re8 12. Bf4 a6 13. Rac1 Bd6 14. Bg5 Na5 15. Ne5 Bxe5 16. dxe5 Rxe5 17. f4 Re8 18. Nxd5 Bxd5 19. Bxd5 Qe7 20. Bxa8 Rxa8 21. Bxf6 gxf6 22. e4 c5 23. Rd5 Re8 24. Re1 Qb7 25. Rh5 Qd7 26. e5 Qd4+ 27. Kg2 Qd5+ 28. Kh3 Qe6+ 29. g4 Qb3+ 30. Qxb3 Nxb3 31. Rf5 fxe5 32. Rfxe5 Rxe5 33. Rxe5 Kf8 34. g5 b5 35. Kg4 Kg7 36. f5 c4 37. f6+ Kg6 38. Re8 h5+ 39. Kf4 Nc5 40. Rg8+ Kh7 41. Rg7+ Kh8 42. Rxf7 a5 43. g6 Nd3+ 44. Kf5 Kg8 45. Rc7 Nxb2 46. Rc8# 1-0